Provinces of Iraq Map Quiz - Statistics

General Stats
  • This quiz has been taken 55 times
  • The average score is 8 of 18
Answers on the Map
Answers color-coded by a green-red scale on the quiz's map according to % correct below.
 
Answer Stats
Answer % Correct
Al-Anbar
83%
Baghdad
70%
Al-Basrah
65%
Arbil
57%
Kirkuk
57%
Ninawa
52%
As-Sulaymaniyah
48%
Dahuk
48%
Diyala
43%
Al-Muthanna
39%
Maysan
39%
Salah ad-Din
39%
Wasit
39%
An-Najaf
35%
Babil
35%
Dhi Qar
35%
Al-Karbala
30%
Al-Qadisiyyah
13%
No matching quizzes found
Score Distribution
Percent of People with Each Score
Percentile by Number Answered
Your Score History
You have not taken this quiz